000 00848nam a2200217Ii 4500
003 JO-AjNU
008 230605s9999||||xx |||||||||||||| ||und||
017 _a2016/4/2002
040 _aJO-AjNU
_bara
_erda
_cJO-AjNU
041 _aara
050 1 4 _aGR295.J67.Z83 2018
100 3 _aالزعبي، أحمد شريف,
_eauthor
_959298
245 0 0 _aالحيوانات الأليفة والبرية في التراث الشعبي الأردني
250 _aط1
264 3 1 _aعمان: دار يافا العلمية للنشر والتوزيع، 2018
300 _a172ص
_bيحتوي على مصادر ومراجع من ص165-167
336 _atext
_btxt
_2rdacontent
337 _aunmediated
_bn
_2rdamedia
338 _avolume
_bnc
_2rdacarrier
650 4 _aالحيوانات الأليفة - التراث الشعبي- الاردن
_959299
999 _aA26677
_c30245
_d30245